[Event "Mitropa Cup 19th"]
[Site "Baden"]
[Date "1999.04.03"]
[Round "3"]
[White "Benitah, Yohan"]
[Black "Vavrak, Peter"]
[Result "1-0"]
[WhiteElo "2341"]
[BlackElo "2233"]
[PlyCount "85"]
[EventDate "1999.04.??"]
[EventType "team-tourn"]
[EventRounds "9"]
[EventCountry "SUI"]
[Source "ChessBase"]
[SourceDate "1999.08.01"]

1. d4 e6 2. c4 Nf6 3. Nc3 Bb4 4. e3 b6 5. Nge2 Ne4 6. Bd2 Nxd2 7. Qxd2 Bb7 8.
a3 Be7 9. d5 O-O 10. g3 a5 11. Bg2 Na6 12. Rb1 d6 13. O-O e5 14. b4 Nb8 15. f4
Nd7 16. f5 Ba6 17. b5 Bc8 18. Ne4 g6 19. g4 Nf6 20. Nxf6+ Bxf6 21. Ng3 Bh4 22.
Ne4 f6 23. Rf3 h5 24. Bh3 Bd7 25. Kh1 g5 26. gxh5 Be8 27. Bg4 Kg7 28. Qe2 Rh8
29. Rh3 Bf7 30. Rg1 Qe8 31. a4 Rh6 32. Nd2 Kf8 33. Nf3 Rxh5 34. Bxh5 Bxh5 35.
Qg2 Bxf3 36. Qxf3 Qf7 37. Rxh4 gxh4 38. Rg6 Re8 39. Qg4 e4 40. Qxh4 Ke7 41. Qg4
Kd8 42. Rg7 Qf8 43. Qg6 1-0

[Event "Mitropa Cup 19th"]
[Site "Baden"]
[Date "1999.04.03"]
[Round "3"]
[White "Borgo, Giulio"]
[Black "Huebner, Robert"]
[Result "0-1"]
[WhiteElo "2448"]
[BlackElo "2585"]
[Annotator "Psakhis,L"]
[PlyCount "102"]
[EventDate "1999.04.??"]
[EventType "team-tourn"]
[EventRounds "9"]
[EventCountry "SUI"]
[Source "ChessBase"]
[SourceDate "1999.08.01"]

1. e4 e6 2. d4 d5 3. Nc3 Bb4 4. e5 c5 5. Bd2 Ne7 6. dxc5 $5 {Rare line doesn,t
promised  advantage to white, but leads to interesting and unclear game.} (6.
Nb5 Bxd2+ 7. Qxd2 O-O $13) 6... Nbc6 7. Qg4 O-O 8. Nf3 f5 9. exf6 Rxf6 10. Qh5
e5 11. O-O-O Bf5 $5 (11... g6 12. Qg5 Rf5 13. Qg3 Bxc5 14. Bg5 Qb6 15. Nxd5 $5)
({It is interesting what Borgo had in mind if black will continue} 11... Rf5 $5
12. Qh4 Bxc3 $1 13. bxc3 (13. Bxc3 $2 Rf4 $1 14. Qg3 Rg4 15. Qh3 Ng6 16. g3 Rd4
$19) 13... Qa5 14. Kb2 Ng6 15. Qg3 Qxc5 16. Nh4 Nxh4 17. Qxh4 Be6 $15 {1/2-1/2
Pietzsch,W-Uhlmann,W/ DDR-ch 1963}) 12. a3 (12. Bg5 Bxc3 13. Bxf6 Bxb2+ (13...
gxf6 14. bxc3 Qa5 $132) 14. Kxb2 gxf6 15. Bc4 Bg6 16. Qh4 Kg7 17. Bb3 Qa5 18.
g4 d4 $132 {1-0 Zelcic,R-Prakken,G/Montecatini Terme op 1997 (48)}) 12... Bxc3
{N/} (12... Qa5 $5 13. Qh4 Bxc3 14. Bxc3 Qxc5 15. Qa4 Qxf2 16. Rd2 Qe3 17. Bb5
$1 $44 {1-0 Wedberg-Ornstein/Eksjo 1982 (22)}) 13. Bxc3 d4 (13... Rh6 $142 $5
14. Qg5 Rg6) 14. Bc4+ Kh8 15. Ng5 $1 Bg6 16. Qe2 {White could be satisfed with
opening results: they managed to keep pawn and two good bishops.} Qf8 17. Be1
Ng8 18. h4 h6 (18... Qxc5 $2 19. h5 {[%cal Rg5f7,Rg5e4]}) 19. Bd3 $1 {Borgo
playes very strong first part of the game, if black will take pawn} Rd8 (19...
Qxc5 $2 {they will be panished immediately-} 20. Bxg6 Rxg6 21. Nf7+ Kh7 22. h5
$18) 20. f3 Rd7 21. Bd2 a6 (21... Qxc5 22. Ne4) 22. Kb1 Qxc5 $6 {Lose almost
by force, but black need good advice  any case.} 23. Ne4 $1 Bxe4 24. Qxe4 g6
25. Bg5 $1 Rfd6 26. h5 $1 {Nice continuation of attack, black can,t except
bishop sacrifice} Nce7 (26... hxg5 $2 27. hxg6+ Kg7 28. Qf5 $1 (28. Rh7+ Kf8
29. Qf5+ Ke8 30. Rh8 Nce7 31. Qf7+ Kd8 32. Bf5 $40) 28... Nf6 29. Qxg5 $18 {
[%cal Rh1h7]}) 27. hxg6 Rxg6 28. f4 $6 {First,  but unfortunately not the last
time Borgo missed easy win} (28. Qg4 $142 $1 Rgd6 (28... Rdd6 29. Bxg6 Rxg6 30.
Bxe7 Nxe7 31. Qe4 $18 {[%cal Gh1h5]}) 29. Bf6+ $1 Rxf6 30. Qxd7 $18) 28... Kg7
29. Bxe7 $6 {Continue comedy of mistakes} (29. Rxh6 $1 Nxh6 (29... Rxh6 30.
Bxh6+ Nxh6 31. Qh7+ Kf8 32. Qxh6+ $18) 30. Bxe7 Qc6 31. Qxe5+ Kf7 32. Bxg6+
Qxg6 33. Bg5 $18 {wins immediately}) 29... Nxe7 30. f5 $2 (30. Rh5 $5 Rd5 31.
fxe5 $18) (30. fxe5 $5 $18) 30... Rf6 31. Rde1 (31. g4 $5) 31... Nc6 32. g4
Rdf7 33. Rh5 (33. g5 $2 hxg5 34. Qg2 Kf8 $14) 33... Qd6 34. Reh1 $2 (34. g5
hxg5 35. Bc4 $1 Rxf5 (35... Rc7 36. Reh1 $18) 36. Bxf7 Rxf7 37. Rxg5+ Kf8 38.
Rh1 $18) (34. Bc4 $1 Rc7 35. g5 $18) 34... Kf8 35. Bc4 Rg7 36. Be6 Rxe6 $1 37.
fxe6 Qxe6 38. R1h4 $2 (38. Rxh6 $1 Qxg4 (38... Rxg4 39. Rf1+) 39. Qd5 $1 Qd7 (
39... Rf7 40. Qd6+) (39... Qf5 40. Qd6+ Kf7 41. Re6 $1 $18) 40. Rf1+ Ke8 (40...
Ke7 41. Qc5+ Kd8 42. Rd6) 41. Re6+ Re7 (41... Ne7 42. Rf8+) 42. Rxe7+ Qxe7 43.
Qg8+ Kd7 44. Rf7 $18) 38... Rg6 $16 39. Rf5+ Ke7 40. Rh3 (40. Rhh5 $5 $16 {
[%cal Gg4g5]}) 40... Kd6 41. Rhh5 b5 42. Rh4 a5 43. Rfh5 Kc5 44. c3 $6 {[%csl
Rb1]} (44. Qf3 Kb6 45. Qh3 e4 46. Rxh6 e3 $16) 44... dxc3 45. Qe3+ Kd6 46. Rxh6
Nd4 $1 47. g5 $4 (47. R4h5 $1 {[%cal Re3e5]} c2+ $8 (47... Kd7 48. Rh7+ Kd6 49.
Qxc3 Rxg4 $5 50. Qc7+ Kd5 51. Rxe5+ Qxe5 52. Qd7+ $18) 48. Kc1 Nb3+ (48... Kd7
49. Rxg6 Qxg6 50. Rxe5 $18) (48... Rf6 49. Rxf6 Qxf6 50. Rh6) 49. Kxc2 Qc4+ 50.
Qc3 Nd4+ 51. Kb1 Qf1+ 52. Ka2 Qf7+ 53. b3 a4 $132) 47... Qf5+ $19 48. Ka2 (48.
Qe4 c2+ 49. Ka2 Qe6+) (48. Re4 Rxh6 $1 49. gxh6 Qf1+ 50. Ka2 (50. Qe1 Qd3+ 51.
Ka2 Qc4+ 52. Kb1 c2+ $19) 50... Qc4+ 51. Kb1 (51. Ka1 cxb2+ 52. Kxb2 Qc2+)
51... c2+ 52. Kc1 Nb3+ 53. Qxb3 Qxb3 54. h7 Qd3 $19) 48... Qf7+ 49. Kb1 c2+ 50.
Ka1 Qf1+ 51. Ka2 Qb1# {Very sad end ( for White) of the game. It is
interesting to cound how many times Borgo missed easy win. Huebner got just
one chance and he used it for 100%.} 0-1

[Event "Mitropa Cup 19th"]
[Site "Baden"]
[Date "1999.04.03"]
[Round "3"]
[White "Cvek, Robert"]
[Black "Jelen, Igor"]
[Result "1/2-1/2"]
[WhiteElo "2442"]
[BlackElo "2389"]
[PlyCount "81"]
[EventDate "1999.04.??"]
[EventType "team-tourn"]
[EventRounds "9"]
[EventCountry "SUI"]
[Source "ChessBase"]
[SourceDate "1999.08.01"]

1. b3 c5 2. Bb2 Nc6 3. Nf3 d5 4. e3 e6 5. Bb5 Nf6 6. O-O Bd6 7. Ne5 Bd7 8. Bxc6
Bxc6 9. f4 O-O 10. d3 Qe7 11. Nd2 Be8 12. Rf3 Nd7 13. Nxd7 Bxd7 14. e4 f6 15.
Qe2 dxe4 16. Nxe4 Bc6 17. Raf1 b6 18. Rh3 Be8 19. Re3 Bc7 20. Nc3 Bf7 21. Nd5
Qd7 22. Nxc7 Qxc7 23. Rg3 Kh8 24. Qg4 Bg8 25. Qh4 b5 26. c4 b4 27. Rff3 Rad8
28. Rg6 Rd7 29. Rfg3 Qd8 30. h3 h6 31. Qg4 Qe7 32. Qh5 Qd8 33. Qxc5 Bh7 34.
R6g4 Bxd3 35. Qxb4 Bf5 36. Rh4 Rd1+ 37. Kh2 Rf7 38. Rh5 Kh7 39. Qc5 Rc7 40. Qa5
Bg6 41. Rc5 1/2-1/2

[Event "Mitropa Cup 19th"]
[Site "Baden"]
[Date "1999.04.03"]
[Round "3"]
[White "Cvitan, Ognjen"]
[Black "Jenni, Florian"]
[Result "1-0"]
[WhiteElo "2521"]
[BlackElo "2394"]
[PlyCount "83"]
[EventDate "1999.04.??"]
[EventType "team-tourn"]
[EventRounds "9"]
[EventCountry "SUI"]
[Source "ChessBase"]
[SourceDate "1999.08.01"]

1. d4 Nf6 2. Nf3 g6 3. c4 Bg7 4. g3 d6 5. Bg2 O-O 6. O-O a6 7. Nc3 Nc6 8. b3
Rb8 9. Nd5 Nh5 10. Bb2 e6 11. Nc3 b5 12. d5 Ne7 13. dxe6 Bxe6 14. cxb5 axb5 15.
Qd2 Nf6 16. Ng5 b4 17. Nce4 Ned5 18. Nxe6 fxe6 19. Nxf6+ Nxf6 20. Rac1 Nd7 21.
Bxg7 Kxg7 22. Rc4 d5 23. Rxb4 c5 24. Rxb8 Qxb8 25. h4 Nf6 26. Rc1 Qd6 27. e3
Rf7 28. Qa5 Nd7 29. a3 Ne5 30. Qxc5 Qxc5 31. Rxc5 Rxf2 32. Kxf2 Nd3+ 33. Ke2
Nxc5 34. b4 Na4 35. Kd3 Kf6 36. Kd4 Ke7 37. e4 dxe4 38. Bxe4 Kd6 39. Kc4 Nb6+
40. Kb5 Nd7 41. a4 Nf6 42. Bc6 1-0

[Event "Mitropa Cup 19th"]
[Site "Baden"]
[Date "1999.04.03"]
[Round "3"]
[White "Gallagher, Joseph G"]
[Black "Kozul, Zdenko"]
[Result "0-1"]
[WhiteElo "2519"]
[BlackElo "2585"]
[PlyCount "62"]
[EventDate "1999.04.??"]
[EventType "team-tourn"]
[EventRounds "9"]
[EventCountry "SUI"]
[Source "ChessBase"]
[SourceDate "1999.08.01"]

1. e4 c5 2. Nf3 Nc6 3. d4 cxd4 4. Nxd4 Nf6 5. Nc3 d6 6. f3 e6 7. Be3 a6 8. Qd2
Qc7 9. O-O-O Be7 10. g4 b5 11. g5 Nd7 12. Nxc6 Qxc6 13. Kb1 Bb7 14. a3 Rc8 15.
f4 Nc5 16. Bg2 a5 17. Bd4 b4 18. Nd5 exd5 19. exd5 Qd7 20. Bxg7 Rg8 21. Qd4 Qf5
22. Ka2 Ne6 23. dxe6 Bxg2 24. Rhe1 fxe6 25. Be5 Bd5+ 26. Ka1 dxe5 27. Rxe5 Qxc2
28. Rxd5 exd5 29. Qxd5 Rg6 30. Qd7+ Kf8 31. Re1 Rc7 0-1

[Event "Mitropa Cup 19th"]
[Site "Baden"]
[Date "1999.04.03"]
[Round "3"]
[White "Hug, Werner"]
[Black "Zelcic, Robert"]
[Result "1/2-1/2"]
[WhiteElo "2473"]
[BlackElo "2554"]
[PlyCount "33"]
[EventDate "1999.04.??"]
[EventType "team-tourn"]
[EventRounds "9"]
[EventCountry "SUI"]
[Source "ChessBase"]
[SourceDate "1999.08.01"]

1. d4 Nf6 2. Nf3 c5 3. c3 b6 4. Bg5 Ne4 5. Bh4 Bb7 6. e3 g6 7. Be2 Bg7 8. O-O
O-O 9. a4 d5 10. a5 c4 11. axb6 axb6 12. Rxa8 Bxa8 13. Qa4 Nc6 14. b3 cxb3 15.
Qxb3 Qc7 16. Nfd2 Nd6 17. Bg3 1/2-1/2

[Event "Mitropa Cup 19th"]
[Site "Baden"]
[Date "1999.04.03"]
[Round "3"]
[White "Neubauer, Martin"]
[Black "Varga, Zoltan"]
[Result "0-1"]
[WhiteElo "2304"]
[BlackElo "2518"]
[Annotator "Finkel,A"]
[PlyCount "62"]
[EventDate "1999.04.??"]
[EventType "team-tourn"]
[EventRounds "9"]
[EventCountry "SUI"]
[Source "ChessBase"]
[SourceDate "1999.08.01"]

1. e4 Nf6 2. Nc3 d5 3. e5 Nfd7 4. f4 c5 5. Nf3 e6 6. d4 a6 7. Be3 Nc6 8. Qd2 b6
9. Be2 (9. O-O-O Be7 10. h4 c4 11. f5 b5 12. fxe6 fxe6 13. Ng5 Nf8 14. Qf2 Bxg5
15. Bxg5 Qa5 $132 {Saulin,D-Sumaneev,D/RUS-ch 1995}) (9. Bd3 Bb7 10. O-O g6 11.
Kh1 Be7 12. Nd1 Qc7 13. c3 O-O-O 14. Qe2 c4 15. Bc2 a5 16. Bf2 $14 {Held,
P-Raedeker,B/Wuert-chT 1994}) (9. h4 Bb7 10. h5 Qc7 11. Be2 O-O-O 12. Nd1 cxd4
13. Nxd4 Nc5 14. Nf2 Kb8 15. c3 Ka7 16. O-O $14 {Singer,C-Turian,H/AUT-chT 1993
}) 9... g6 (9... Bb7 10. O-O Qc7 11. Nd1 Be7 12. c3 c4 13. Nf2 f5 14. exf6 Nxf6
15. Ne5 O-O 16. Nfg4 Ne4 17. Qe1 $36 {Dyce,A-Chikovani,V/EU-chJ U14 1994}) 10.
h4 $6 (10. Nd1 $5) 10... h5 11. Nd1 (11. O-O-O Bb7) 11... cxd4 12. Nxd4 Nxd4
13. Bxd4 Be7 14. g3 Nc5 15. Nf2 a5 16. Qe3 $6 (16. O-O-O Ba6 17. Bxa6 Nxa6 18.
Qe2) 16... Ba6 17. Bf3 (17. Bxa6 Rxa6 18. Qe2 Ra8) 17... Qc7 18. Nh3 $6 Rc8 19.
Ng5 {[%csl Rg5]} Na4 20. Rh2 b5 21. g4 $6 (21. Rd2 Bb4 22. c3 Be7 23. a3 Nc5
24. Rad1 Nb3 $15) 21... hxg4 22. Bxg4 Qc4 $1 $17 23. h5 $6 (23. c3 b4 24. Be2
Qc6 25. Bxa6 Qxa6 $36) (23. a3 Nxb2 $1 24. Bxb2 Bxg5 {[%cal Gc4g4,Gh8h2]} 25.
fxg5 Qxg4 26. Qb6 Rxh4 $19) 23... Nxb2 $1 $19 24. Be2 (24. Nxf7 Kxf7 25. hxg6+
Kg7 26. Rxh8 Rxh8 27. Bxb2 Qxc2 $19) 24... Qxc2 $1 25. Bxb5+ Bxb5 26. Rxc2 Rxc2
27. Bxb2 Rxh5 $1 {[%csl Re1][%cal Gh5h1]} 28. Nf3 Rh1+ 29. Ng1 Bh4+ 30. Kd1 Ba4
$1 31. Bd4 (31. Qd4 Rxg1+ 32. Qxg1 Rg2+ $19) 31... Rf2+ 0-1

[Event "Mitropa Cup 19th"]
[Site "Baden"]
[Date "1999.04.03"]
[Round "3"]
[White "Olivier, Jean Christophe"]
[Black "Manik, Mikulas"]
[Result "1-0"]
[WhiteElo "2421"]
[BlackElo "2478"]
[Annotator "Gofshtein,L"]
[PlyCount "79"]
[EventDate "1999.04.??"]
[EventType "team-tourn"]
[EventRounds "9"]
[EventCountry "SUI"]
[Source "ChessBase"]
[SourceDate "1999.08.01"]

{Tsesarsky} 1. e4 c5 2. Nf3 Nc6 3. d4 cxd4 4. Nxd4 Nf6 5. Nc3 d6 6. Bc4 Qb6 7.
Ndb5 a6 8. Be3 Qa5 9. Nd4 e6 10. O-O Be7 11. Bb3 O-O 12. f4 Re8 $146 (12...
Nxd4 13. Bxd4 e5 (13... Bd7 14. e5 dxe5 15. fxe5 Ne8 16. Kh1 Bc6 17. Qg4 $14) (
13... b5 14. e5 dxe5 15. fxe5 Nd7 16. Ne4 Bb7 17. Nf6+ $16) 14. Be3 (14. Bf2
exf4 15. Bd4 Be6 16. Rxf4 Qg5 17. Qf1 Rac8 18. Rd1 $14 {1-0 Velimirovic,
D-Mihaljcisin,M/Banja Luka 1981 (41)}) (14. fxe5 dxe5 15. Be3 Be6 $1 (15... Ng4
$2 16. Qd5 $1 Qxd5 17. Nxd5 Bd6 (17... Bd8 18. Bc5 $18) (17... Nxe3 18. Nxe7+
Kh8 19. Rxf7 Rxf7 20. Bxf7 $16) 18. Bb6 Be6 19. Rad1 $16 {1-0 Macieja,B-Bets,A/
St.Petersburg 1997/CBM 62/ (24)}) 16. Qf3 (16. Qe1 Bc5 $11) 16... Bc5 $11)
14... exf4 15. Rxf4 Be6 16. Qf3 Nd7 17. Nd5 Bg5 18. Qh5 Qd8 (18... Bxf4 19.
Ne7+ Kh8 20. Qxa5 Bxe3+ 21. Kh1 $16) 19. Rf3 Bxe3+ 20. Rxe3 Bxd5 21. Qxd5 Qb6 {
1/2-1/2 De Firmian,N-Fedorowicz,J/USA ch 1984 (21)}) (12... Bd7 13. f5 $1 (13.
Kh1 Rae8 14. Qf3 Qc7 15. f5 Nxd4 16. Bxd4 exf5 (16... h6 17. Rae1 (17. fxe6
fxe6 18. Qf5 Bd8 19. Qg6 $14) 17... exf5 (17... b5 18. a3 exf5 (18... Qb7 19.
Qg3 Kh8 20. fxe6 fxe6 21. e5 $16 {Ivanovich-Levin,Podgorica 1993}) 19. exf5 Bc6
20. Qg3 Kh8 $11) 18. exf5 Bc6 19. Qg3 Kh8 $11) 17. exf5 Bc6 $132) 13... Nxd4 (
13... e5 14. Nf3 (14. Nde2 Rac8 (14... Ng4 15. Qd2 Nxe3 16. Qxe3 d5 17. Qg3
Qc5+ (17... Bc5+ 18. Kh1 d4 19. f6 g6 20. Qg5 Rfe8 21. Qh6 Bf8 22. Bxf7+ Kxf7
23. Qxh7+ Ke6 24. f7 $18) 18. Kh1 d4 19. Nd5 Kh8 20. f6 gxf6 21. Nxf6 Bxf6 22.
Rxf6 $16) 15. Qd2 $14) 14... Ng4 15. Qd2 Nxe3 16. Qxe3 Qc5 17. Qxc5 dxc5 18.
Nd5 Rae8 19. Rad1 Bc8 20. Nb6 $16) 14. Bxd4 (14. Qxd4 Ng4 (14... exf5 15. exf5
Rae8 (15... Bxf5 16. Nd5 Nxd5 17. Rxf5 $16) 16. g4 (16. Qd3 Ng4 17. Bd4 Ne5
$132) 16... Bd8 17. Bf2 h5 $132) 15. fxe6 fxe6 16. Bf4 $132) 14... exf5 (14...
b5 $6 15. Bxf6 Bxf6 16. Qxd6 $16) (14... Qc7 15. Qd3 exf5 (15... b5 16. a3 Kh8
17. Rad1 Qb7 18. Kh1 Rae8 19. Bxf6 Bxf6 20. Qxd6 $16 {Hernandes-Ionov,1996
Ubeda}) 16. exf5 Bc6 17. Rae1 b5 18. a3 Rae8 19. Re2 Bd8 20. Rfe1 Rxe2 21. Rxe2
Qb7 22. h3 $11 {Aseev-Ionov,1996 Russia}) (14... Rfe8 15. fxe6 Bxe6 16. Bxe6
fxe6 17. Qd3 $14) (14... Rac8 15. Qe1 (15. Qf3 Kh8 (15... b5 16. fxe6 fxe6 (
16... Bxe6 17. Nd5 Bxd5 18. exd5 Rfe8 (18... Nd7 19. Bxg7 $18) 19. Rae1 $14)
17. Qh3 $16) 16. Rad1 (16. g4 exf5 17. exf5 (17. gxf5 Bc6 18. Qg3 Ne8 $11)
17... Bc6 18. Qe2 Bd8 $132) 16... b5 17. Bxf6 Bxf6 18. Rxd6 $16 {1/2-1/2 De
Firmian,N-Smirin,I/Antwerpen 1994/Inf 61/ (28)}) (15. g4 e5 16. Be3 Rxc3 17.
bxc3 Nxe4 $132) 15... Bd8 16. fxe6 Bxe6 17. Kh1 Qh5 18. Qg3 Bxb3 19. axb3 Qg6
20. Qd3 Re8 $11 {1-0 Todorovic,M-Kozul,Z/YU ch 1990 (60)}) 15. exf5 (15. Nd5
Nxd5 16. Bxd5 Rab8 17. Bc3 Qc5+ 18. Bd4 Qa5 $11 {Golubev-Popchev,Skopje 1991})
15... Bc6 16. Qd3 Rae8 17. Rad1 (17. Rae1 Bd8 18. Rxe8 Rxe8 19. Kh1 h6 20. Qg3
Qb4 21. Rd1 Qa5 22. Rf1 $11 {Koch-Hernandes,1993 Argentina}) 17... Nd7 (17...
Bd8 18. Kh1 Nd7 19. Qg3 Bf6 20. Qxd6 (20. Bxf6 Nxf6 21. Rxd6 $16) 20... Bxd4
21. Qxd4 $16 {1/2-1/2 Kindermann,S-Gulko,B/Munich 1990/Inf 49/ (29)}) (17... b5
18. Qg3 Nh5 19. Qf2 Qd8 20. Bd5 Bxd5 21. Nxd5 Nf6 22. Qg3 Nh5 23. Qg4 Nf6 24.
Qg3 Nh5 25. Qa3 $16 {1/2-1/2 Ehlvest,J-Ye Jiangchuan/Tan Chin Nam, Beijing CHN
1998 (45)}) 18. Qg3 (18. Ne4 Bxe4 (18... Ne5 19. Qc3 $11) 19. Qxe4 Qc7 20. Rde1
Ne5 21. Kh1 $14 {1/2-1/2 Grigoriants,S-Kiselev,S/Moscow RUS 1999 (24)}) 18...
Bf6 19. Qxd6 Bxd4+ 20. Qxd4 {1/2-1/2 Onischuk,A-Svidler,P/Groningen 1996/CBM
57 (75)}) 13. f5 Bf8 $2 $14 (13... Nxd4 14. Bxd4 (14. Qxd4 exf5 15. exf5 (15.
Rae1 fxe4 16. Nxe4 Be6 17. Bxe6 fxe6 18. Nxd6 Bxd6 19. Qxd6 Qxa2 20. Bd4 Qd5
$15) 15... Bxf5 16. Nd5 Nxd5 17. Rxf5 Bf6 18. Qxd5 Qxd5 19. Rxd5 Rxe3 20. Rxd6
Bxb2 21. Rad1 $44) 14... exf5 15. exf5 Bd8 16. Kh1 Bd7 17. Qf3 Bc6 $132) 14.
fxe6 fxe6 (14... Bxe6 15. Nxe6 fxe6 16. Qf3 Qe5 17. Rad1 $16) 15. Nf5 $1 Qe5 $4
$18 (15... Qd8 16. Bf4 Ne5 17. Qd2 Qb6+ 18. Kh1 $16) (15... d5 $1 {This move
seems very dangerous, but only this move was the best.} 16. Nh6+ (16. exd5 exf5
17. dxc6+ Kh8 18. Bg5 (18. cxb7 Bxb7 $44) 18... Qc5+ 19. Kh1 Qxc6 20. Qf3 Qxf3
21. Rxf3 Be7 22. Re1 Bc5 23. Rxe8+ Nxe8 24. Rd3 b5 25. Nd5 (25. Rd8 Bb7 26. Rd7
Bc6 $11) 25... h6 26. Be7 $14) 16... gxh6 (16... Kh8 17. exd5 Bc5 18. Nf7+ Kg8
19. Bxc5 Qxc5+ 20. Kh1 exd5 21. Nxd5 Nxd5 22. Qh5 $1 (22. Qxd5 Qxd5 23. Bxd5
Be6 24. c4 $16) 22... Bg4 23. Qxg4 $18) 17. Rxf6 (17. exd5 Bc5 18. Bxc5 Qxc5+
19. Kh1 Nxd5 20. Ne4 Qe7 (20... Qd4 21. Bxd5 Qxd1 22. Nf6+ Kf8 23. Raxd1 exd5
24. Nxe8+ (24. Nxd5+ Kg7 25. Nc7 Bg4 26. Nxe8+ Rxe8 27. Rd2 $14) 24... Kxe8 25.
Rxd5 $14) 21. Bxd5 exd5 22. Nf6+ Kh8 23. Nxe8 Qxe8 24. Qxd5 $14) 17... Bg7 (
17... d4 18. Rf5 (18. Rxf8+ Rxf8 19. Bxh6 Rf6 (19... Rf7 20. Qg4+ (20. Nd5 $5
exd5 21. Bxd5 $5 (21. exd5 Ne5 22. Qxd4 Rf5 (22... Ng6 23. d6 Qe5 24. Qxe5 Nxe5
25. Re1 $18) 23. Bf4 (23. Rf1 Rxf1+ 24. Kxf1 Qb5+ 25. Ke1 Qe8 26. d6+ Nc4+ 27.
Kd1 Qh5+ 28. Ke1 Qe8+ 29. Kd1 $11 (29. Kf2 Qf7+ 30. Kg1 b5 $17)) 23... Nf7 24.
g4 Rxf4 25. Qxf4 Qb6+ 26. Kh1 Bd7 27. Rf1 Rf8 28. h3 Qg6 $132) 21... Qc5 (21...
Nd8 22. Qh5 Ne6 23. Qg4+ Kh8 24. Bxe6 Qb6 25. Qg5 (25. Bxc8 d3+ 26. Kh1 Qxh6
27. c3 (27. cxd3 Rc7 $19) 27... d2 28. Bf5 $44) 25... Bxe6 26. Qe5+ Kg8 27.
Qg5+ $11) 22. Qh5 d3+ 23. Kh1 Qe7 24. Bg5 Qe8 25. Bf6 (25. Qxf7+ Qxf7 26. Bxf7+
Kxf7 27. cxd3 Be6 $17) 25... Be6 26. Qg5+ Kf8 27. Qh6+ (27. Rf1 Qd7 $19) 27...
Kg8 28. Qg5+ Kf8 $11) 20... Kh8 21. Rf1 (21. Ne2 Bd7 22. Rd1 Rg8 23. Qh3 Qe5
$15) 21... Rxf1+ 22. Kxf1 Qe5 23. Ne2 Bd7 24. Kg1 $132) 20. Qg4+ Rg6 21. Rf1
Bd7 22. Qf4 Kh8 23. Nd5 exd5 24. exd5 Rag8 25. g3 (25. dxc6 Rxg2+ 26. Kh1 Rxh2+
$3 $19) 25... Bh3 26. dxc6 Bxf1 27. Qxd4+ R8g7 28. cxb7 $18) 18... Qd8 19. Qg4+
(19. Rxf8+ Rxf8 20. Bxh6 Rf7 21. Qg4+ Kh8 22. Ne2 Qf6 23. Qh5 Qf2+ 24. Kh1 Bd7
25. Ng3 Rg8 $15) 19... Kh8 20. Rd1 (20. Rxf8+ Rxf8 $19) 20... Qe7 21. Rdf1 dxe3
22. Rf7 Qc5 23. Na4 Qd6 24. Qf3 Bd7 25. Nb6 e2 26. Rxd7 Qc5+ 27. Kh1 exf1=R+
28. Qxf1 Bg7 (28... Qxb6 29. Qf6+ $18) 29. Nxa8 Rxa8 $17) 18. Qh5 Re7 19. Raf1
Bxf6 20. Rxf6 dxe4 21. Rf5 $1 Qd8 22. Qxh6 Rg7 23. Nxe4 Kh8 24. Rf1 $16) 16.
Nh6+ gxh6 17. Rf5 $1 Qxf5 (17... b5 18. Rxe5 Nxe5 19. Qd4 $18) 18. exf5 Kh8 19.
fxe6 Bxe6 20. Qd2 Bxb3 21. axb3 d5 (21... Ng4 22. Bb6 $18) 22. Rf1 (22. Bxh6
Bc5+ 23. Kh1 Ng4 24. Bg7+ $1 $18) 22... d4 23. Bxd4 Nxd4 24. Qxd4 Bg7 25. Rd1 (
25. Rxf6 Re1+ (25... Re6 26. Nd5 $18) 26. Kf2 Re6 27. Rxe6 (27. Nd5 Bxf6 28.
Nxf6 Rf8 $16) 27... Bxd4+ $16) 25... h5 26. Qf4 Ng4 27. h3 Be5 28. Qd2 Ne3 29.
Re1 Nf5 30. Nd5 (30. Ne2 $18) 30... Bd4+ 31. Kh2 h4 32. Ne7 $1 Rxe7 33. Rxe7
Rd8 34. Qg5 Nxe7 35. Qxe7 Rc8 36. c3 Bg7 37. Qxb7 Be5+ 38. Kg1 Rb8 39. Qe7 Bg3
40. Kf1 1-0

[Event "Mitropa Cup 19th"]
[Site "Baden"]
[Date "1999.04.03"]
[Round "3"]
[White "Palac, Mladen"]
[Black "Pelletier, Yannick"]
[Result "1/2-1/2"]
[WhiteElo "2589"]
[BlackElo "2483"]
[PlyCount "105"]
[EventDate "1999.04.??"]
[EventType "team-tourn"]
[EventRounds "9"]
[EventCountry "SUI"]
[Source "ChessBase"]
[SourceDate "1999.08.01"]

1. e4 c5 2. Nf3 d6 3. d4 cxd4 4. Nxd4 Nf6 5. Nc3 a6 6. Be2 e6 7. O-O Be7 8. f4
Nc6 9. Be3 O-O 10. a4 Re8 11. Kh1 Qc7 12. Bf3 Nxd4 13. Qxd4 e5 14. Qd2 exf4 15.
Bxf4 Be6 16. Rfd1 Red8 17. h3 Rab8 18. Ne2 Rbc8 19. Nd4 Qc4 20. b3 Qc3 21. Qxc3
Rxc3 22. e5 dxe5 23. Bxe5 Rc5 24. Nxe6 Rxd1+ 25. Rxd1 Rxe5 26. Nd8 b6 27. Nc6
Re6 28. Nxe7+ Rxe7 29. Bb7 a5 30. Bc8 Re8 31. Ba6 Kf8 32. Bc4 Ne4 33. Kg1 h5
34. Rd7 Re7 35. Rd8+ Re8 36. Rd7 Re7 37. Rd8+ Re8 38. Rd5 g6 39. Kf1 Re7 40.
Bd3 Nc5 41. Bc4 Rc7 42. Be2 Ke7 43. Ke1 h4 44. Bf3 Rd7 45. Kd2 f5 46. Kc3 Rxd5
47. Bxd5 Kd6 48. Kc4 g5 49. Bf3 Ne6 50. c3 Nf4 51. b4 g4 52. hxg4 fxg4 53. Bxg4
1/2-1/2